Équipe de Belgique pour la coupe du monde 2026 - Statistiques

Statistiques générales
  • Ce quiz a été pris 43 fois
  • Le résultat moyen est 16 sur 26
Statistiques - réponses
nom % Correct
Thibaut Courtois
100%
Kevin De Bruyne
94%
Romelu Lukaku
86%
Jérémy Doku
78%
Thomas Meunier
75%
Amadou Onana
69%
Youri Tielemans
69%
Arthur Theate
64%
Axel Witsel
64%
Leandro Trossard
61%
Senne Lammens
61%
Hans Vanaken
58%
Dodi Lukébakio
56%
Maxim De Cuyper
56%
Mike Penders
56%
Timothy Castagne
56%
Brandon Mechele
53%
Charles De Ketelaere
53%
Zeno Debast
53%
Joaquin Seys
50%
Nathan Ngoy
50%
Nicolas Raskin
50%
Koni De Winter
47%
Matías Fernández-Pardo
44%
Diego Moreira
39%
Alexis Saelemaekers
36%
Aucun quiz correspondant
Distribution des résultats
% des personnes avec chaque résultat
Percentile par nombre de réponses
Votre historique - résultats
Vous n’avez pas pris ce quiz